The Europeanization of intellectual property law : towards a European legal methodology /

With a particular focus on intellectual property, this work explores some of the key methodological and institutional issues affecting the development of European private law. Leading experts consider seven key topics, furthering understanding of the impact of Europeanisation on the substance and qu...

Full description

Bibliographic Details
Other Authors: Pila, Justine (Editor), Ohly, Ansgar (Editor)
Format: eBook
Language:English
Published: Oxford : Oxford University Press, 2014.
Subjects:
Online Access:Connect to the full text of this electronic book

MARC

Tag First Indicator Second Indicator Subfields
LEADER 00000cam a2200000 i 4500
001 in00005710521
005 20260318192922.7
006 m o d
007 cr |||||||||||
008 131114s2014 enka fob 001 0 eng d
040 |a KIJ  |b eng  |e rda  |e pn  |c KIJ  |d OCLCO  |d OCLCF  |d OCLCO  |d STBDS  |d VGL  |d BUF  |d UEJ  |d U3W  |d YOU  |d FIE  |d OCLCQ  |d EBLCP  |d OCLCQ  |d OCLCO  |d OCLCQ  |d OCLCO  |d OCLCL 
020 |a 9780191758881 
020 |a 0191758884 
035 |a (OCoLC)878433201 
043 |a e------ 
050 4 |a KJC2636 
082 0 4 |a 346.4048  |2 23 
049 |a TXAM 
245 0 4 |a The Europeanization of intellectual property law :  |b towards a European legal methodology /  |c Justine Pila and Ansgar Ohly. 
264 1 |a Oxford :  |b Oxford University Press,  |c 2014. 
300 |a 1 online resource :  |b illustrations (black and white) 
336 |a text  |b txt  |2 rdacontent 
337 |a computer  |b c  |2 rdamedia 
338 |a online resource  |b cr  |2 rdacarrier 
504 |a Includes bibliographical references and index. 
520 8 |a With a particular focus on intellectual property, this work explores some of the key methodological and institutional issues affecting the development of European private law. Leading experts consider seven key topics, furthering understanding of the impact of Europeanisation on the substance and quality of law, the process of law-making in a Europeanised system, and the requirements for a truly 'European' legal order. 
588 0 |a Online resource; title from home page (viewed on December 2, 2013). 
650 0 |a Intellectual property  |z Europe. 
650 6 |a Propriété intellectuelle  |z Europe. 
650 7 |a Intellectual property  |2 fast 
651 7 |a Europe  |2 fast  |1 https://id.oclc.org/worldcat/entity/E39PBJxCxPbbk4CPJDQJb4r6rq 
655 7 |a Electronic books.  |2 local 
700 1 |a Pila, Justine,  |e editor. 
700 1 |a Ohly, Ansgar,  |e editor. 
776 0 8 |i Print version  |z 9780199665105 
856 4 0 |u http://proxy.library.tamu.edu/login?url=https://academic.oup.com/book/9156  |z Connect to the full text of this electronic book  |t 0 
936 |a BATCHLOAD 
955 |a Oxford Scholarship Online 
994 |a 92  |b TXA 
999 f f |i ac6e7d55-68c7-46de-b2d5-0b9bdedf4708  |s d88aa135-de11-4861-a812-ba844afb2a21  |t 0 
952 f f |a Texas A&M University  |b College Station  |c Electronic Resources  |s www_evans  |d Available Online  |t 0  |e KJC2636   |h Library of Congress classification 
998 f f |a KJC2636   |t 0  |l Available Online